000 00394nam a2200145Ia 4500
008 210716s2009 xx 000 0 und d
020 _a0195699955
041 _aeng
082 _a332.67254 RAJR
100 _aRajan, Ramkishen S.
245 _aMonetary, Investment, and trade issues in India.
260 _aNew Delhi
_bOxford University Press
_c2009
300 _axvi,239
650 _aFinance
999 _c204783
_d204783